Highest Paid Actresses - Statistics

General Stats
  • This quiz has been taken 54 times
  • The average score is 4 of 10
Answer Stats
2019 Earnings Movie/T.V. Show Actress % Correct
$23.5 million Suicide Squad Margot Robbie
86%
$56 million Marriage Story Scarlett Johansson
86%
$35 million Legally Blonde Reese Witherspoon
82%
$28 million Murder Mystery Jennifer Aniston
49%
$23 million Long Shot Charlize Theron
43%
$34 million Bombshell Nicole Kidman
31%
$44.1 million Hot Pursuit Sofia Vergara
16%
$24 million The Invisible Man Elisabeth Moss
10%
$25 million The Wedding Ringer Kaley Cuoco
2%
$22 million Station 19 Ellen Pompeo
0%
No matching quizzes found
Score Distribution
Percent of People with Each Score
Percentile by Number Answered
Your Score History
You have not taken this quiz